Comportamiento organizacional
Furkejuvvon:
| Váldodahkkit: | , |
|---|---|
| Materiálatiipa: | Girji |
| Giella: | espánnjágiella |
| Almmustuhtton: |
Ciudad de México
Pearson Educación
2009
|
| Preanttus: | 13a. ed |
| Fáttát: | |
| Fáddágilkorat: |
Lasit fáddágilkoriid
Eai fáddágilkorat, Lasit vuosttaš fáddágilkora!
|
MARC
| LEADER | 00000cam a2200000 a 4500 | ||
|---|---|---|---|
| 001 | UCH4573 | ||
| 003 | CL-VaPUC | ||
| 005 | 20241115115006.0 | ||
| 008 | 090827e20090000MX |||||||||||||||||spa|d | ||
| 999 | |c 335853 |d 335851 | ||
| 020 | |a 9786074420982 | ||
| 040 | |c Pontificia Universidad Católica de Valparaíso | ||
| 082 | 0 | 4 | |a 658.1 |b ROB |2 21 |
| 100 | 0 | |a Robbins, Stephen P |e author |9 540160 | |
| 245 | 1 | 0 | |a Comportamiento organizacional |
| 250 | |a 13a. ed | ||
| 260 | |a Ciudad de México |b Pearson Educación |c 2009 | ||
| 300 | |a 713 p | ||
| 500 | |a Incluye Cd-Rom | ||
| 583 | |a last modification |c 20140117 06:14:47 |k Rodrigo Vera | ||
| 650 | 0 | |a Conducta colectiva |9 892935 |x Organizaciones | |
| 650 | 0 | |a Organizaciones |x Multiculturalismo |x Cualificaciones profesionales |9 893130 | |
| 650 | 0 | |a Organizaciones |9 893095 |x Salud mental | |
| 650 | 0 | |a Comunicación en las organizaciones |9 893098 | |
| 700 | 0 | |a Judge, Timothy A |e author |9 540161 | |
| 942 | |c BK |2 ddc | ||
| 945 | |d 20090827 00:00:00 |a rbrito | ||
| 952 | |0 0 |1 0 |2 ddc |4 0 |6 658_100000000000000_ROB_2009 |7 0 |8 A |9 426602 |a BIBGIM |b BIBGIM |d 2019-11-22 |i 4606485 |l 1 |o 658.1 ROB 2009 |p 4606485 |r 2025-01-15 |s 2022-04-05 |w 2019-11-22 |y BK |k COM | ||
| 952 | |0 0 |1 0 |2 ddc |4 0 |6 658_100000000000000_ROB_2009 |7 0 |8 A |9 426603 |a BIBING |b BIBING |c RES |d 2019-11-22 |i 4617843 |o 658.1 ROB 2009 |p 4617843 |r 2025-01-20 |w 2019-11-22 |y BK |k TRA | ||
| 952 | |0 0 |1 0 |2 ddc |4 0 |6 658_100000000000000_ROB_2009 |7 0 |8 A |9 426604 |a BIBING |b BIBING |c RES |d 2019-11-22 |i 4629035 |o 658.1 ROB 2009 |p 4629035 |r 2025-01-20 |w 2019-11-22 |y BK |k TRA | ||
| 952 | |0 0 |1 0 |2 ddc |4 0 |6 658_100000000000000_ROB_2009 |7 0 |8 A |9 426605 |a BIBING |b BIBING |c RES |d 2019-11-22 |i 4629043 |o 658.1 ROB 2009 |p 4629043 |r 2025-01-20 |w 2019-11-22 |y BK |k TRA | ||
| 952 | |0 0 |1 0 |2 ddc |4 0 |6 658_100000000000000_ROB_2009 |7 0 |8 A |9 426606 |a BIBING |b BIBING |c RES |d 2019-11-22 |i 4629051 |o 658.1 ROB 2009 |p 4629051 |r 2025-01-20 |w 2019-11-22 |y BK |k TRA | ||
| 952 | |0 0 |1 0 |2 ddc |4 0 |6 658_100000000000000_ROB_2009 |7 0 |8 A |9 426607 |a BIBING |b BIBING |c RES |d 2019-11-22 |i 4675754 |o 658.1 ROB 2009 |p 4675754 |r 2025-01-20 |w 2019-11-22 |y BK |k CCI | ||
| 952 | |0 0 |1 0 |2 ddc |4 0 |6 658_100000000000000_ROB_2009 |7 0 |8 A |9 426608 |a BIBING |b BIBING |c RES |d 2019-11-22 |i 4675762 |o 658.1 ROB 2009 |p 4675762 |r 2025-01-20 |w 2019-11-22 |y BK |k CCI | ||
| 952 | |0 0 |1 0 |2 ddc |4 0 |6 658_100000000000000_ROB_2009 |7 0 |8 A |9 426609 |a BIBING |b BIBING |c RES |d 2019-11-22 |i 4675770 |o 658.1 ROB 2009 |p 4675770 |r 2025-01-20 |w 2019-11-22 |y BK |k CCI | ||
| 952 | |0 0 |1 0 |2 ddc |4 0 |6 658_100000000000000_ROB_2009 |7 0 |8 A |9 426610 |a BIBING |b BIBING |c RES |d 2019-11-22 |i 4675789 |o 658.1 ROB 2009 |p 4675789 |r 2025-01-20 |w 2019-11-22 |y BK |k CCI | ||
| 952 | |0 0 |1 0 |2 ddc |4 0 |6 658_100000000000000_ROB_2009 |7 0 |8 A |9 426611 |a BIBING |b BIBING |c RES |d 2019-11-22 |i 4675797 |o 658.1 ROB 2009 |p 4675797 |r 2025-01-20 |w 2019-11-22 |y BK |k CCI | ||
| 952 | |0 0 |1 0 |2 ddc |4 0 |6 658_100000000000000_ROB_2009 |7 0 |8 A |9 426612 |a BIBING |b BIBING |c RES |d 2019-11-22 |i 4675800 |o 658.1 ROB 2009 |p 4675800 |r 2025-01-20 |w 2019-11-22 |y BK |k CCI | ||
| 952 | |0 0 |1 0 |2 ddc |4 0 |6 658_100000000000000_ROB_2009 |7 0 |8 A |9 426613 |a BIBING |b BIBING |c RES |d 2019-11-22 |i 4675819 |o 658.1 ROB 2009 |p 4675819 |r 2025-01-20 |w 2019-11-22 |y BK |k CCI | ||
| 952 | |0 0 |1 0 |2 ddc |4 0 |6 658_100000000000000_ROB_2009 |7 0 |8 A |9 426614 |a BIBING |b BIBING |c RES |d 2019-11-22 |i 4675827 |o 658.1 ROB 2009 |p 4675827 |r 2025-01-20 |w 2019-11-22 |y BK |k CCI | ||
| 952 | |0 0 |1 0 |2 ddc |4 0 |6 658_100000000000000_ROB_2009 |7 0 |8 A |9 426615 |a BIBING |b BIBING |c RES |d 2019-11-22 |i 4675835 |o 658.1 ROB 2009 |p 4675835 |r 2025-01-20 |w 2019-11-22 |y BK |k CCI | ||
| 952 | |0 0 |1 0 |2 ddc |4 0 |6 658_100000000000000_ROB_2009 |7 0 |8 A |9 426616 |a BIBING |b BIBING |c RES |d 2019-11-22 |i 4675843 |l 1 |o 658.1 ROB 2009 |p 4675843 |r 2025-01-20 |s 2024-06-04 |w 2019-11-22 |y BK |k CCI | ||
| 952 | |0 0 |1 0 |2 ddc |4 0 |6 658_100000000000000_ROB_2009 |7 0 |8 A |9 426621 |a BIBING |b BIBING |c RES |d 2019-11-22 |i 4770420 |o 658.1 ROB 2009 |p 4770420 |r 2025-01-20 |w 2019-11-22 |y BK |k CCI | ||
| 952 | |0 0 |1 0 |2 ddc |4 0 |6 658_100000000000000_ROB_2009 |7 0 |8 A |9 426622 |a BIBING |b BIBING |c RES |d 2019-11-22 |i 4770439 |o 658.1 ROB 2009 |p 4770439 |r 2025-01-20 |w 2019-11-22 |y BK |k CCI | ||
| 952 | |0 0 |1 0 |2 ddc |4 0 |6 658_100000000000000_ROB_2009 |7 0 |8 A |9 426623 |a BIBING |b BIBING |c RES |d 2019-11-22 |i 4770447 |o 658.1 ROB 2009 |p 4770447 |r 2025-01-20 |w 2019-11-22 |y BK |k CCI | ||
| 952 | |0 0 |1 0 |2 ddc |4 0 |6 658_100000000000000_ROB_2009 |7 0 |8 A |9 426624 |a BIBING |b BIBING |c RES |d 2019-11-22 |i 4770455 |o 658.1 ROB 2009 |p 4770455 |r 2025-01-20 |w 2019-11-22 |y BK |k CCI | ||
| 952 | |0 0 |1 0 |2 ddc |4 0 |6 658_100000000000000_ROB_2009 |7 0 |8 A |9 426625 |a BIBING |b BIBING |c RES |d 2019-11-22 |i 4770463 |l 2 |o 658.1 ROB 2009 |p 4770463 |r 2025-01-20 |s 2022-10-18 |w 2019-11-22 |y BK |k CCI | ||
| 952 | |0 0 |1 0 |2 ddc |4 0 |6 658_100000000000000_ROB_2009 |7 0 |8 A |9 426626 |a BIBING |b BIBING |c RES |d 2019-11-22 |i 4770471 |l 1 |o 658.1 ROB 2009 |p 4770471 |r 2025-01-20 |s 2022-05-02 |w 2019-11-22 |y BK |k CCI | ||
| 952 | |0 0 |1 0 |2 ddc |4 0 |6 658_100000000000000_ROB_2009 |7 0 |8 A |9 426627 |a BIBING |b BIBING |c RES |d 2019-11-22 |i 477048K |o 658.1 ROB 2009 |p 477048K |r 2025-01-20 |w 2019-11-22 |y BK |k CCI | ||
| 952 | |0 0 |1 0 |2 ddc |4 0 |6 658_100000000000000_ROB_2009 |7 0 |8 A |9 426628 |a BIBING |b BIBING |c RES |d 2019-11-22 |i 4770498 |o 658.1 ROB 2009 |p 4770498 |r 2025-01-20 |w 2019-11-22 |y BK |k CCI | ||
| 952 | |0 0 |1 0 |2 ddc |4 0 |6 658_100000000000000_ROB_2009 |7 0 |8 A |9 426629 |a BIBING |b BIBING |c RES |d 2019-11-22 |i 4770501 |o 658.1 ROB 2009 |p 4770501 |r 2025-01-20 |w 2019-11-22 |y BK |k CCI | ||
| 952 | |0 0 |1 0 |2 ddc |4 0 |6 658_100000000000000_ROB_2009 |7 0 |8 A |9 426630 |a BIBING |b BIBING |c RES |d 2019-11-22 |i 477051K |o 658.1 ROB 2009 |p 477051K |r 2025-01-20 |w 2019-11-22 |y BK |k CCI | ||
| 952 | |0 0 |1 0 |2 ddc |4 0 |6 658_100000000000000_ROB_2009 |7 0 |8 A |9 426631 |a BIBING |b BIBING |c RES |d 2019-11-22 |i 4770528 |o 658.1 ROB 2009 |p 4770528 |r 2025-01-20 |w 2019-11-22 |y BK |k CCI | ||
| 952 | |0 0 |1 0 |2 ddc |4 0 |6 658_100000000000000_ROB_2009 |7 0 |8 A |9 426632 |a BIBING |b BIBING |c RES |d 2019-11-22 |i 4770536 |o 658.1 ROB 2009 |p 4770536 |r 2025-01-20 |w 2019-11-22 |y BK |k CCI | ||
| 952 | |0 0 |1 0 |2 ddc |4 0 |6 658_100000000000000_ROB_2009 |7 0 |8 A |9 426633 |a BIBING |b BIBING |c RES |d 2019-11-22 |i 4770544 |o 658.1 ROB 2009 |p 4770544 |r 2025-01-20 |w 2019-11-22 |y BK |k CCI | ||
| 952 | |0 0 |1 0 |2 ddc |4 0 |6 658_100000000000000_ROB_2009 |7 0 |8 A |9 426634 |a BIBING |b BIBING |c RES |d 2019-11-22 |i 4770552 |o 658.1 ROB 2009 |p 4770552 |r 2025-01-20 |w 2019-11-22 |y BK |k CCI | ||
| 952 | |0 0 |1 0 |2 ddc |4 0 |6 658_100000000000000_ROB_2009 |7 0 |8 A |9 426635 |a BIBING |b BIBING |c RES |d 2019-11-22 |i 4770560 |o 658.1 ROB 2009 |p 4770560 |r 2025-01-20 |w 2019-11-22 |y BK |k CCI | ||
| 952 | |0 0 |1 0 |2 ddc |4 0 |6 658_100000000000000_ROB_2009 |7 0 |8 A |9 426636 |a BIBING |b BIBING |c RES |d 2019-11-22 |i 4770579 |o 658.1 ROB 2009 |p 4770579 |r 2025-01-20 |w 2019-11-22 |y BK |k CCI | ||
| 952 | |0 0 |1 0 |2 ddc |4 0 |6 658_100000000000000_ROB_2009 |7 0 |8 A |9 426637 |a BIBING |b BIBING |c RES |d 2019-11-22 |i 4770587 |o 658.1 ROB 2009 |p 4770587 |r 2025-01-20 |w 2019-11-22 |y BK |k CCI | ||
| 952 | |0 0 |1 0 |2 ddc |4 0 |6 658_100000000000000_ROB_2009 |7 0 |8 A |9 426638 |a BIBING |b BIBING |c RES |d 2019-11-22 |i 4770595 |o 658.1 ROB 2009 |p 4770595 |r 2025-01-20 |w 2019-11-22 |y BK |k CCI | ||
| 952 | |0 0 |1 0 |2 ddc |4 0 |6 658_100000000000000_ROB_2009 |7 0 |8 A |9 426639 |a BIBING |b BIBING |c RES |d 2019-11-22 |i 4770609 |o 658.1 ROB 2009 |p 4770609 |r 2025-01-20 |w 2019-11-22 |y BK |k CCI | ||
| 952 | |0 0 |1 0 |2 ddc |4 0 |6 658_100000000000000_ROB_2009 |7 0 |8 A |9 426640 |a BIBING |b BIBING |c RES |d 2019-11-22 |i 4770617 |o 658.1 ROB 2009 |p 4770617 |r 2025-01-20 |w 2019-11-22 |y BK |k CCI | ||
| 952 | |0 0 |1 0 |4 0 |6 658_100000000000000_ROB_2009 |7 0 |8 R |9 426641 |a BIBENE |b BIBENE |d 2019-11-22 |i 4886852 |o 658.1 ROB 2009 |p 4886852 |r 2025-01-15 |w 2019-11-22 |y BK_R |k ICO | ||
| 952 | |0 0 |1 0 |4 0 |6 658_100000000000000_ROB_2009 |7 0 |8 R |9 426642 |a BIBENE |b BIBENE |d 2019-11-22 |i 4886860 |o 658.1 ROB 2009 |p 4886860 |r 2025-01-15 |w 2019-11-22 |y BK_R |k ICO | ||
| 952 | |0 0 |1 0 |4 0 |6 658_100000000000000_ROB_2009 |7 0 |8 R |9 426643 |a BIBENE |b BIBENE |d 2019-11-22 |i 4886879 |o 658.1 ROB 2009 |p 4886879 |r 2025-01-15 |w 2019-11-22 |y BK_R |k ICO | ||
| 952 | |0 0 |1 0 |3 erb |4 0 |6 658_100000000000000_ROB_2009 |7 0 |8 R |9 426644 |a BIBENE |b BIBENE |d 2019-11-22 |i 5012961 |o 658.1 ROB 2009 |p 5012961 |r 2025-01-15 |w 2019-11-22 |y BK_R |z Catalogado en:20130930 |k ICO | ||
| 952 | |0 0 |1 0 |3 erb |4 0 |6 658_100000000000000_ROB_2009 |7 0 |8 R |9 426645 |a BIBENE |b BIBENE |d 2019-11-22 |i 501297K |o 658.1 ROB 2009 |p 501297K |r 2025-01-15 |w 2019-11-22 |y BK_R |z Catalogado en:20130930 |k ICO | ||
| 952 | |0 0 |1 0 |3 erb |4 0 |6 658_100000000000000_ROB_2009 |7 0 |8 R |9 426646 |a BIBENE |b BIBENE |d 2019-11-22 |i 5012988 |o 658.1 ROB 2009 |p 5012988 |r 2025-01-15 |w 2019-11-22 |y BK_R |z Catalogado en:20130930 |k ICO | ||
| 952 | |0 0 |1 0 |3 erb |4 0 |6 658_100000000000000_ROB_2009 |7 0 |8 R |9 426647 |a BIBENE |b BIBENE |d 2019-11-22 |i 5012996 |o 658.1 ROB 2009 |p 5012996 |r 2025-01-15 |w 2019-11-22 |y BK_R |z Catalogado en:20130930 |k ICO | ||
| 952 | |0 0 |1 0 |3 erb |4 0 |6 658_100000000000000_ROB_2009 |7 0 |8 R |9 426648 |a BIBENE |b BIBENE |d 2019-11-22 |i 5013003 |o 658.1 ROB 2009 |p 5013003 |r 2025-01-15 |w 2019-11-22 |y BK_R |z Catalogado en:20130930 |k ICO | ||
| 952 | |0 0 |1 0 |2 ddc |3 erb |4 0 |6 658_100000000000000_ROB_2009 |7 0 |8 A |9 426649 |a BIBING |b BIBING |c RES |i 505365K |o 658.1 ROB 2009 |p 505365K |r 2025-01-20 |w 2019-11-22 |y BK |z Catalogado en:20140124 |k EII | ||
| 952 | |0 0 |1 0 |2 ddc |3 erb |4 0 |6 658_100000000000000_ROB_2009 |7 0 |8 A |9 426650 |a BIBING |b BIBING |c RES |i 5053668 |o 658.1 ROB 2009 |p 5053668 |r 2025-01-20 |w 2019-11-22 |y BK |z Catalogado en:20140124 |k EII | ||
| 952 | |0 0 |1 0 |2 ddc |3 erb |4 0 |6 658_100000000000000_ROB_2009 |7 0 |8 A |9 426651 |a BIBING |b BIBING |c RES |i 5053676 |l 2 |o 658.1 ROB 2009 |p 5053676 |r 2025-01-20 |s 2024-06-03 |w 2019-11-22 |y BK |z Catalogado en:20140124 |k EII | ||
| 952 | |0 0 |1 0 |2 ddc |3 erb |4 0 |6 658_100000000000000_ROB_2009 |7 0 |8 A |9 426652 |a BIBING |b BIBING |c RES |i 5053684 |o 658.1 ROB 2009 |p 5053684 |r 2025-01-20 |w 2019-11-22 |y BK |z Catalogado en:20140124 |k EII | ||
| 952 | |0 0 |1 0 |2 ddc |3 erb |4 0 |6 658_100000000000000_ROB_2009 |7 0 |8 A |9 426653 |a BIBING |b BIBING |c RES |i 5053692 |o 658.1 ROB 2009 |p 5053692 |r 2025-01-20 |w 2019-11-22 |y BK |z Catalogado en:20140124 |k EII | ||
| 952 | |0 0 |1 0 |2 ddc |3 erb |4 0 |6 658_100000000000000_ROB_2009 |7 0 |8 A |9 426654 |a BIBING |b BIBING |c RES |i 5053706 |o 658.1 ROB 2009 |p 5053706 |r 2025-01-20 |w 2019-11-22 |y BK |z Catalogado en:20140124 |k EII | ||
| 952 | |0 0 |1 0 |2 ddc |3 erb |4 0 |6 658_100000000000000_ROB_2009 |7 0 |8 A |9 426655 |a BIBING |b BIBING |c RES |i 5053714 |o 658.1 ROB 2009 |p 5053714 |r 2025-01-20 |w 2019-11-22 |y BK |z Catalogado en:20140124 |k EII | ||
| 952 | |0 0 |1 0 |2 ddc |3 erb |4 0 |6 658_100000000000000_ROB_2009 |7 0 |8 A |9 426656 |a BIBING |b BIBING |c RES |i 5053722 |o 658.1 ROB 2009 |p 5053722 |r 2025-01-20 |w 2019-11-22 |y BK |z Catalogado en:20140124 |k EII | ||
| 952 | |0 0 |1 0 |2 ddc |3 erb |4 0 |6 658_100000000000000_ROB_2009 |7 0 |8 A |9 426657 |a BIBING |b BIBING |c RES |i 5053730 |o 658.1 ROB 2009 |p 5053730 |r 2025-01-20 |w 2019-11-22 |y BK |z Catalogado en:20140124 |k EII | ||
| 952 | |0 0 |1 0 |2 ddc |3 erb |4 0 |6 658_100000000000000_ROB_2009 |7 0 |8 A |9 426658 |a BIBING |b BIBING |c RES |i 5053749 |l 1 |o 658.1 ROB 2009 |p 5053749 |r 2025-01-20 |s 2022-09-28 |w 2019-11-22 |y BK |z Catalogado en:20140124 |k EII | ||
| 952 | |0 0 |1 0 |4 0 |6 658_100000000000000_ROB_2009 |7 0 |8 R |9 426659 |a BIBENE |b BIBENE |d 2019-11-22 |i 4592603 |o 658.1 ROB 2009 |p 4592603 |r 2025-01-15 |w 2019-11-22 |y BK_R |k ICO | ||